|
|
|
|
| LEADER |
00000nas a2200000 a 4500 |
| 001 |
ssj0000393578 |
| 003 |
WaSeSS |
| 005 |
20200512172242.0 |
| 006 |
m d |
| 007 |
cr n |
| 008 |
011029c20019999ck ar s 0 0spa |
| 010 |
|
|
|a 2002243037
|
| 016 |
7 |
|
|a 101131026
|2 DNLM
|
| 022 |
|
|
|l 1657-3986
|y 1657-3986
|
| 035 |
|
|
|a (WaSeSS)ssj0000393578
|
| 040 |
|
|
|a NLM
|b eng
|c NLM
|d OCLCQ
|d DLC
|d OCLCQ
|d CUS
|d OCLCF
|d CUS
|d OCLCO
|d OCLCQ
|d RDF
|d OCLCO
|d OCLCQ
|d OCLCO
|d WaSeSS
|
| 041 |
0 |
|
|a spa
|b eng
|b fre
|
| 042 |
|
|
|a pcc
|
| 050 |
0 |
0 |
|a BF173.A2
|b D47
|
| 060 |
0 |
0 |
|a W1
|b DE51O
|
| 210 |
0 |
|
|a Desde jard. Freud
|
| 222 |
|
0 |
|a Desde el jardin de freud
|
| 245 |
0 |
0 |
|a Desde el jardín de Freud
|h [electronic resource] :
|b revista de psicoanálisis.
|
| 246 |
3 |
0 |
|a Revista de psicoanálisis
|
| 260 |
|
|
|a Bogotá :
|b Grupo de Psicoanálisis, Facultad de Ciencias Humanas, Universidad Nacional de Colombia,
|c 2001-
|
| 310 |
|
|
|a Annual
|
| 362 |
0 |
|
|a 1-
|
| 506 |
|
|
|a License restrictions may limit access.
|
| 546 |
|
|
|a In Spanish, with summaries in English and French.
|
| 550 |
|
|
|a Published by: Escuela de Estudios en Psicoanálisis y Cultura, Facultad de Ciencias Humanas, Universidad Nacional de Colombia, <2003->
|
| 588 |
|
|
|a Latest issue consulted: 3, published in 2003.
|
| 650 |
|
0 |
|a Psychoanalysis
|v Periodicals.
|
| 650 |
|
0 |
|a Psychoanalysis and culture
|v Periodicals.
|
| 650 |
1 |
2 |
|a Psychoanalysis.
|
| 650 |
|
7 |
|a Psychoanalysis.
|2 fast
|0 (OCoLC)fst01081235
|
| 650 |
|
7 |
|a Psychoanalysis and culture.
|2 fast
|0 (OCoLC)fst01081263
|
| 655 |
|
0 |
|a Electronic journals.
|
| 710 |
2 |
|
|a Universidad Nacional de Colombia.
|b Grupo de Psicoanálisis.
|
| 710 |
2 |
|
|a Universidad Nacional de Colombia.
|b Escuela de Estudios en Psicoanálisis y Cultura.
|
| 850 |
|
|
|a DLC
|a DNLM
|
| 856 |
4 |
0 |
|z Full text available from Research Library: 01/01/2004 to present
|u https://search.proquest.com/publication/2035737
|